| 000 | 00694nam a2200205Ia 4500 | ||
|---|---|---|---|
| 001 | 14839 | ||
| 003 | GE_BSU | ||
| 008 | 181216s||||||||xx |||||||||||||| ||und|| | ||
| 040 | _cGE_BSU | ||
| 080 | _a514.12(075.8) | ||
| 100 | _aБеклетишев, Д.В. | ||
| 245 | _aКурс аналитической геометрии и линейной алгебры. | ||
| 245 | _bУчебное пособие для студ.высших техн. учеб.завед. | ||
| 260 | _aМосква | ||
| 260 | _bНаука. | ||
| 260 | _c1971 | ||
| 300 | _a327стр.20см. | ||
| 653 | _aКурс аналитической геометрии и линейной алгебры. | ||
| 942 | _cBK | ||
| 999 |
_c47962 _d47962 |
||